Análisis del comportamiento de tres variedades comerciales de mango (mangifera indica L.) precortado
Guardado en:
| Hovedforfatter: | |
|---|---|
| Format: | Bog |
| Udgivet: |
San José, C.R
2001
|
| Fag: | |
| Tags: |
Tilføj Tag
Ingen Tags, Vær først til at tagge denne postø!
|
MARC
| LEADER | 00000nam a2200000Ia 4500 | ||
|---|---|---|---|
| 003 | 008940 | ||
| 005 | 20221231144154.0 | ||
| 008 | 140114s2002 cr a m 000 ||s d | ||
| 040 | |c cru CEDI | ||
| 090 | |a TFG 4502 | ||
| 100 | |a Cerdas Castro, Adriana |9 7375 | ||
| 245 | |a Análisis del comportamiento de tres variedades comerciales de mango (mangifera indica L.) precortado | ||
| 260 | |c 2001 |a San José, C.R | ||
| 300 | |a xii, 127 hojas : ilustraciones a color | ||
| 500 | |a Tesis (licenciatura en ingeniería agrícola)--Universidad de Costa Rica. Facultad de Ingeniería. Escuela de Ingeniería Agrícola | ||
| 650 | |x MANGOS |x INDUSTRIA Y COMERCIO |9 7376 | ||
| 942 | |c TFG | ||
| 999 | |c 17939 |d 17939 | ||
